| 000 | 00507cam a22001457a 4500 | ||
|---|---|---|---|
| 008 | 180718b1976 xxu||||| |||| 00| 0 eng d | ||
| 082 | _aF5x8 D912 | ||
| 100 | _aDuncan, W. Raymond | ||
| 245 |
_aLatin American politics: a developmental approach _cby W. Raymond Duncan |
||
| 260 |
_aNew York _bPraeger _c1976 |
||
| 300 | _ax, 277p | ||
| 650 | _aLatin America --Economic conditions --1945- | ||
| 650 | _aLatin America --Social conditions --1945-1982 | ||
| 650 | _aLatin America --Politics and government --1948 | ||
| 999 |
_c426239 _d426239 |
||